Top 10 Songs by Pink Floyd - Statistics

General Stats
  • This quiz has been taken 24 times
  • The average score is 6 of 10
Answer Stats
Hint Answer % Correct
4 Money
100%
3 Wish You Were Here
85%
2 Comfortably Numb
80%
5 Time
70%
6 Shine On You Crazy Diamond
60%
8 Have a Cigar
55%
9 Hey You
40%
10 The Great Gig in the Sky
40%
7 Echoes
35%
1 Another Brick in the Wall Pt. 2
30%
No matching quizzes found
Score Distribution
Percent of People with Each Score
Percentile by Number Answered
Your Score History
You have not taken this quiz